000 00286nam a2200109Ia 4500
008 200302s9999 xx 000 0 und d
100 _aIsabel Kuhl and Others
245 _aArchitecture the Groundbreaking Moments
260 _bPrestel Publishing Ltd.
260 _c2012
300 _a191 P.,
999 _c4051
_d4051